Correlation, Co-efficient and Genetic variability analysis in Mungbean (Vigna radiata L. Wilczek) / (Record no. 14719)

MARC details
000 -LEADER
fixed length control field 01184nam a22002777a 4500
003 - CONTROL NUMBER IDENTIFIER
control field BD-DhSAU
005 - DATE AND TIME OF LATEST TRANSACTION
control field 20190529114719.0
008 - FIXED-LENGTH DATA ELEMENTS--GENERAL INFORMATION
fixed length control field 160718b201 bg ||||| |||| 001 0 eng d
040 ## - CATALOGING SOURCE
Original cataloging agency BD-DhSAU
082 ## - DEWEY DECIMAL CLASSIFICATION NUMBER
Edition number 22
Classification number 581.15
Item number Sh316
100 ## - MAIN ENTRY--PERSONAL NAME
Personal name Sheak , Md. Eyahia
Relator term Registration # 10-04104
245 ## - TITLE STATEMENT
Title Correlation, Co-efficient and Genetic variability analysis in Mungbean (Vigna radiata L. Wilczek) /
Remainder of title MS thesis
Statement of responsibility, etc. Sheak , Md. Eyahia
260 ## - PUBLICATION, DISTRIBUTION, ETC. (IMPRINT)
Place of publication, distribution, etc. Sher-e-Bangla Agricultural Universities :
Name of publisher, distributor, etc. Department of Genetics and Plant Breeding,
Date of publication, distribution, etc. 2017
300 ## - PHYSICAL DESCRIPTION
Extent xiii, 92 p. :
Other physical details ill. ;
Dimensions 30 cm.
500 ## - GENERAL NOTE
General note MS thesis , Department of Genetics and Plant Breeding, Faculty of Agriculture, Sher-e-Bangla Agricultural University, Dhaka, Bangladesh
590 ## - Name of Cataloguer
Name of Cataloger Shofi
650 ## - SUBJECT ADDED ENTRY--TOPICAL TERM
Topical term or geographic name as entry element Genetics and Plant Breeding
650 ## - SUBJECT ADDED ENTRY--TOPICAL TERM
Topical term or geographic name as entry element Correlation,
650 ## - SUBJECT ADDED ENTRY--TOPICAL TERM
Topical term or geographic name as entry element Co-efficient
650 ## - SUBJECT ADDED ENTRY--TOPICAL TERM
Topical term or geographic name as entry element Genetic variability analysi
650 ## - SUBJECT ADDED ENTRY--TOPICAL TERM
Topical term or geographic name as entry element Mungbean (Vigna radiata L. Wilczek)
700 ## - ADDED ENTRY--PERSONAL NAME
Personal name Hossain , Md. Sarowar
Relator term Supervisor
700 ## - ADDED ENTRY--PERSONAL NAME
Personal name Mahmud, Firoz
Relator term Co-Supervisor
856 ## - ELECTRONIC LOCATION AND ACCESS
Uniform Resource Identifier <a href="http://archive.saulibrary.edu.bd:8080/xmlui/handle/123456789/2520">http://archive.saulibrary.edu.bd:8080/xmlui/handle/123456789/2520</a>
Link text Online Access
942 ## - ADDED ENTRY ELEMENTS (KOHA)
Source of classification or shelving scheme Dewey Decimal Classification
Koha item type MS Level Thesis
Holdings
Withdrawn status Lost status Source of classification or shelving scheme Damaged status Not for loan Collection code Home library Branch Name Date acquired Total Checkouts Full call number Barcode Date last seen Price effective from Koha item type
    Dewey Decimal Classification   Not For Loan Reference SAU Library SAU Library 27/05/2019   581.15 Sh316 41411 29/05/2019 29/05/2019 MS Level Thesis